Climate policy

Bibliographic Details
Format: Electronic Journal
Language:English
Published: [Amsterdam] ; [New York] : Elsevier Science, 2001-
London : Taylor & Francis
Subjects:
Online Access:Full text available from Research Library: 01/01/2008 to 11/30/2013

MARC

LEADER 00000nas a2200000 a 4500
001 ssj0016943
003 WaSeSS
005 20200512172242.0
006 m d
007 cr n
008 001221c20019999ne bx pss 0 a0eng c
010 |a  2003233171 
015 |a GBB0A8969  |2 bnb 
016 7 |a 012432416  |2 Uk 
016 7 |a 013570452  |2 Uk 
016 7 |a 2051510-8  |2 DE-600 
022 |a 1752-7457  |l 1469-3062  |y 1469-3062 
035 |a (WaSeSS)ssj0016943 
040 |a OH1  |b eng  |e pn  |c OH1  |d DLC  |d OCLCQ  |d GUA  |d OCLCQ  |d VRC  |d U9S  |d GUA  |d AZU  |d OCLCQ  |d UKMGB  |d OCLCQ  |d TYFRS  |d OCLCF  |d OCLCQ  |d CLU  |d NLE  |d CCO  |d SFB  |d N@F  |d OCLCE  |d AGLDB  |d FIE  |d DLC  |d VT2  |d CNMTR  |d WaSeSS 
042 |a pcc 
050 0 0 |a QC981.8.C5 
222 0 |a Climate policy  |b (Online) 
245 0 0 |a Climate policy  |h [electronic resource]. 
260 |3 2001- :  |a [Amsterdam] ;  |a [New York] :  |b Elsevier Science,  |c 2001- 
260 3 |3 <2017-> :  |a London :  |b Taylor & Francis 
310 |a Eight issues per year,  |b 2016- 
321 |a Frequency varies,  |b 2001-2015 
362 1 |a Began with Vol. 1, issue 1 (2001)- 
506 |a License restrictions may limit access. 
515 |a Some issues combined. 
538 |a Mode of access: World Wide Web. 
588 |a Description based on: Vol. 1, issue 1 (2001); title from journal cover image on homepage (publisher's Web site, viewed Oct. 7, 2003). 
588 |a Latest issue consulted: Vol. 18, issue 5 (2018) (Taylor & Francis Online, viewed Apr. 25, 2018). 
650 0 |a Climatic changes  |x Government policy  |v Periodicals. 
650 6 |a Climat  |x Changements  |x Politique gouvernementale  |x Périodiques. 
650 7 |a Climatic changes  |x Government policy.  |2 fast  |0 (OCoLC)fst00864245 
655 0 |a Electronic journals. 
776 0 8 |i Also issued in print:  |t Climate policy  |x 1469-3062  |w (DLC) 2002206900  |w (OCoLC)48505950 
850 |a DLC 
856 4 0 |z Full text available from Research Library: 01/01/2008 to 11/30/2013  |u https://search.proquest.com/publication/26703